HolocaustZeugnisLiteratur
| Titel: | HolocaustZeugnisLiteratur / Peter Davies |
|---|---|
| Verfasser: | |
| In: |
The modern language review, Band 114, Heft 2 (2019), Seite 412-413 alle Artikel anzeigen |
| Veröffentlicht: | 2019 |
| Format: | Aufsatz |
| Sprache: | Englisch |
X
alg: 44790380 001A $04504:24-04-19 001B $03025:06-10-23 $t11:04:02.000 001D $04504:24-04-19 001U $0utf8 001X $00 002@ $0Aou 002C $aText $btxt $2rdacontent 002D $aohne Hilfsmittel zu benutzen $bn $2rdamedia 002E $aBand $bnc $2rdacarrier 003@ $0447903802 007A $0447903802 $aHEB 010@ $aeng 010E $erda 011@ $a2019 013D $#Newspapers Sections, columns, etc. Reviews $#Book reviewing $#Journaux Cahiers, chroniques, etc. Comptes rendus $#Livres Recension $#Rezension $#Buchbesprechung $#Buchrezension $#Buchkritik $74049712-4 $8Rezension [Ts1] $9085138568 021A $aHolocaustZeugnisLiteratur $hPeter Davies 028A $BVerfasser $#Davies, Peter M. $#Davies, P. M. $#Davies, Peter Nicholas $4aut $7 $8Davies, Peter [Tnd] $9148640176 031A $d114 $e2 $h412-413 $j2019 039B $aEnthalten in $8--Abvc--. The @modern language review. - London : MHRA, 1905-. - ISSN 0026-7937 $x201900001140002588 $9047201339 039T $aRezension von $8--Aau--. HolocaustZeugnisLiteratur. - Göttingen : Wallstein Verlag, [2018]. - 263 Seiten. - ISBN 3-8353-3292-9 $9433228377 045F $a809 $eDDC23BSB 045F/01 $a809 045F/03 $a-T1-090512 045F/03 $g43 045G $a909.04924094380904 $eDDC23BSB 045G/01 $a909.04924 045G/03 $f0904 045G/03 $g438 045T $aAVL $qDE-30 $2FID 045T $a7,12 045T $aLING $qDE-30 $2FID 045V $817.17.00$jStoffe. Motive. Themen [Tkx] $9118843729 045V $818.09.00$jStoffe. Motive. Themen [Tkx] $9118843753 045V $819.09.00$jStoffe. Motive. Themen [Tkx] $9118843826 lok: 44790380 62 exp: 44790380 62 1 #EPN 201B/01 $024-04-19 $t22:04:34.000 201C/01 $024-04-19 203@/01 $01050355954 208@/01 $a24-04-19 $be 209A/01 $a/ $f000 $x00 209B/01 $a2019 $x05 247C/01 $8Frankfurt, Bibliographie der Deutschen Sprach- und Literaturwissenschaft $9113214561 201U/01 $0utf8 lok: 44790380 78 exp: 44790380 78 1 #EPN 201B/01 $005-11-19 $t15:08:45.000 201C/01 $005-11-19 201U/01 $0utf8 203@/01 $01066876819 208@/01 $a05-11-19 $be 209A/01 $a/ $f000 $x00 209A/01 $ab*p $x01 220C/01 $apgar 247C/01 $82080>Marburg/Lahn, Herder-Institut, Forschungsbibliothek, Bibliographieportal $9336309341
| LEADER | 00000caa a2200000 c 4500 | ||
|---|---|---|---|
| 001 | 447903802 | ||
| 003 | DE-603 | ||
| 005 | 20231006110402.0 | ||
| 007 | tu | ||
| 008 | 190424s2019 xx |||| | u00||u|eng c | ||
| 035 | |a (DE-599)HEB447903802 | ||
| 040 | |a DE-603 |b ger |c DE-603 |d DE-603 |e rda | ||
| 041 | |a eng | ||
| 082 | 0 | 4 | |8 1\u |a 809 |q DE-101 |2 23/BSB |
| 083 | 0 | |8 2\u |a 909.04924094380904 |q DE-101 |2 23/BSB | |
| 084 | |a AVL |q DE-30 |2 fid | ||
| 084 | |a 7,12 |2 ssgn | ||
| 084 | |a LING |q DE-30 |2 fid | ||
| 085 | |8 1\u |b 809 | ||
| 085 | |8 1\u |z a |s -T1-090512 | ||
| 085 | |8 1\u |z 2 |s 43 | ||
| 085 | |8 2\u |b 909.04924 | ||
| 085 | |8 2\u |z 1 |s 0904 | ||
| 085 | |8 2\u |z 2 |s 438 | ||
| 100 | 1 | |a Davies, Peter |e Verfasser |4 aut |0 (DE-603)148640176 | |
| 245 | 0 | 0 | |a HolocaustZeugnisLiteratur |c Peter Davies |
| 264 | 0 | |c 2019 | |
| 336 | |a Text |b txt |2 rdacontent | ||
| 337 | |a ohne Hilfsmittel zu benutzen |b n |2 rdamedia | ||
| 338 | |a Band |b nc |2 rdacarrier | ||
| 655 | 7 | |a Rezension |2 gnd-content |0 (DE-588)4049712-4 |0 (DE-603)085138568 | |
| 773 | 0 | 8 | |i Enthalten in |t The modern language review |d London : MHRA, 1905- |x 0026-7937 |g Band 114, Heft 2 (2019), Seite 412-413 |w (DE-603)047201339 |w (DE-600)184111-7 |
| 787 | 0 | 8 | |i Rezension von |t HolocaustZeugnisLiteratur |d Göttingen : Wallstein Verlag, [2018] |h 263 Seiten |z 3835332929 |z 9783835332928 |w (DE-603)433228377 |
| 924 | 0 | |9 603 |a (DE-603)1050355954 |b DE-603 |c HES |d d | |
| 924 | 0 | |9 2080 |a (DE-603)1066876819 |b DE-2080 |c HES |d d |g / | |


